| 000 | 00684nam a2200253Ia 4500 | ||
|---|---|---|---|
| 001 | 4415 | ||
| 005 | 20240113233735.0 | ||
| 007 | ta | ||
| 008 | 170729s1972 ii g b000 u hin u | ||
| 020 | _cHB | ||
| 040 | _aCotton College Assam | ||
| 041 | _ahin | ||
| 082 |
_a891.43109 _bSh 92 B |
||
| 100 |
_aShukla, Bhagavati Prasad ., _eAuthor. |
||
| 245 | 0 |
_aBavari-Panth Ke Hindi Kavi / _cBhagavati Prasad Shukla. _hTextual Documents |
|
| 250 | _a1st ed. / | ||
| 260 |
_aNew Delhi : _bArya Book Depo , _c1972. |
||
| 300 |
_a359p. ; _c23cm. |
||
| 653 | _aHindi poetry-Criticism | ||
| 653 | _aGen-Hindi | ||
| 942 |
_2ddc _cBK |
||
| 999 |
_c4402 _d4402 |
||